|
|
|
|
| LEADER |
00803nam a2200217 a 4500 |
| 001 |
00020672 |
| 008 |
100715r20092006ii a b 001 0 eng d |
| 020 |
|
|
|a 8126506946
|
| 040 |
|
|
|a BD-DhAAL
|c BD-DhAAL
|d BD-DhAAL
|
| 082 |
0 |
0 |
|a 650
|2 22
|
| 100 |
1 |
|
|a Chary,S.N.
|
| 245 |
1 |
0 |
|a Elements of Intermediate business /
|c S.N. Chary
|
| 250 |
|
|
|a Wiley India ed.
|
| 260 |
|
|
|a New Delhi :
|b Wiley India,
|c 2006 [Reprinted 2009]
|
| 300 |
|
|
|a xix,416 p. :
|b ill. ;
|c 24cm.
|
| 504 |
|
|
|a Includes Bibliographical References and index.
|
| 541 |
1 |
|
|e 00020671
|
| 650 |
|
0 |
|a International Business.
|
| 852 |
4 |
|
|a Ayesha Abed Library
|j General shelf
|
| 999 |
|
|
|c 9354
|d 9354
|
| 952 |
|
|
|0 0
|1 0
|2 ddc
|4 0
|6 650_CHA_200900000000000
|7 0
|9 12085
|a BRACUL
|b BRACUL
|c GEN
|d 2010-09-26
|l 8
|m 11
|o 650 CHA
|p 3010020671
|r 2024-10-16
|s 2024-06-02
|t 1
|w 2010-09-26
|y BK
|